| 000 | 01255naa a22003737a 4500 | ||
|---|---|---|---|
| 001 | BR8803073 | ||
| 003 | BR-BrBNA | ||
| 005 | 20240918180114.0 | ||
| 007 | ta | ||
| 008 | 230509b bl.||||| |||| 00| 0 por d | ||
| 040 |
_aBR-BrBNA _bpor _cBiblioteca Nacional de Agricultura |
||
| 041 | _a(Pt) | ||
| 072 | _aQ03 | ||
| 090 | _aQ03 BR8803073 | ||
| 100 | 1 | _aLeal, W. | |
| 100 | 1 | _aSakurai, K. | |
| 100 | 1 | _aMasuda, N. | |
| 100 | 1 | _aNomura, S. | |
| 100 | 1 | _aYamada, T. | |
| 100 | 1 | _aMori, T. | |
| 100 | 1 | _aSudo, T. | |
| 100 | 1 | _aMori, Y. | |
| 111 | 1 |
_a10. Encontro Nacional de Analistas de Residuos de Pesticidas _cSao Paulo, SP (Brazil) _d26-28 May 1986 |
|
| 245 | 1 | _aResiduos de pesticidas organofosforados em produtos agricolas | |
| 260 | 3 |
_aSao Paulo, SP (Brasil): _c1986. |
|
| 500 | _aRelatorio 10. Encontro Nacional de Analistas de Residuos de Pesticidas Sao Paulo, SP (Brasil): 1986. p. 117-127 (BR8803073-AM)Q03 | ||
| 650 | _aPRODUTO | ||
| 650 | _aHIGIENE DE ALIMENTO | ||
| 650 | _aRESIDUO | ||
| 650 | _aPESTICIDA | ||
| 773 | 0 |
_tRelatorio 10. Encontro Nacional de Analistas de Residuos de Pesticidas _wQ03 BR8803073 _gSao Paulo, SP (Brasil), 1986. p. 117-127 |
|
| 909 |
_a202404 _bLucia _c55 _dLucia Elande |
||
| 942 |
_cAM _2AGRIS |
||
| 999 |
_c319253 _d319253 |
||